00744 a2200205 4500020001500000020001800015082001100033090001500044100002400059245008200083250001200165260003100177300002100208490004200229830004200271942002400313999001700337952009200354952009200446 a3540219242 a978354021924804a530.11 c1605d16051 aStraumann, Norbert.10aGeneral relativity :bwith applications to astrophysics /cNorbert Straumann. a1st ed. a[S.l.] :bSpringer,c2004. a686 p. ;c24 cm.1 aTheoretical and mathematical physics. 0aTheoretical and mathematical physics. aSNScBKk530.11 STR c30214d30214 00104070aSNSbSNSd2016-05-26l0o530.11 STRpSNS0000661r2016-05-26w2016-05-26yBK 00104070aSNSbSNSd2016-05-26l0o530.11 STRpSNS0001954r2016-05-26w2016-05-26yBK